The greener homes price guide (Record no. 108533)
[ view plain ]
| 000 -LEADER | |
|---|---|
| fixed length control field | 01594cam a22002775a 4500 |
| 001 - CONTROL NUMBER | |
| control field | E144538 |
| 008 - FIXED-LENGTH DATA ELEMENTS--GENERAL INFORMATION | |
| fixed length control field | 080728s2008 xxka f 000 0 eng d |
| 020 ## - INTERNATIONAL STANDARD BOOK NUMBER | |
| International Standard Book Number | 9781904829676 |
| 035 ## - SYSTEM CONTROL NUMBER | |
| System control number | (Sirsi) u144538 |
| 041 0# - LANGUAGE CODE | |
| Language code of text/sound track or separate title | eng |
| 050 04 - LIBRARY OF CONGRESS CALL NUMBER | |
| Classification number | 333.72 $2 18 |
| 110 2# - MAIN ENTRY--CORPORATE NAME | |
| Corporate name or jurisdiction name as entry element | Building Cost Information Service |
| 9 (RLIN) | 1096 |
| 245 04 - TITLE STATEMENT | |
| Title | The greener homes price guide |
| Remainder of title | organising and budgeting for energy efficiency and reducing your carbon footprint |
| 260 ## - PUBLICATION, DISTRIBUTION, ETC. | |
| Place of publication, distribution, etc. | London |
| Name of publisher, distributor, etc. | BCIS |
| Date of publication, distribution, etc. | 2008 |
| 300 ## - PHYSICAL DESCRIPTION | |
| Extent | 142p. |
| Other physical details | ill. |
| Dimensions | 25cm. |
| 505 2# - FORMATTED CONTENTS NOTE | |
| Formatted contents note | Part Four. Costing assumptions -- Where to get help: useful contacts -- Location factors -- Inflation indices -- House types |
| 505 2# - FORMATTED CONTENTS NOTE | |
| Formatted contents note | Part One. Introduction -- Cost information -- Employing a contractor -- Planning and building legislation and regulations -- Grants and VAT |
| 505 2# - FORMATTED CONTENTS NOTE | |
| Formatted contents note | Part Two. Introduction -- Passive improvements -- Replacement of existing equipment -- Active improvements |
| 505 2# - FORMATTED CONTENTS NOTE | |
| Formatted contents note | Part Three. Costings -- Payback periods -- Energy savings -- SAP home energy rating and energy performance certificates -- Carbon footprint |
| 520 ## - SUMMARY, ETC. | |
| Summary, etc. | Provides information on the cost of carrying out alterations or modifications to increase the energy efficiency and reduce the running costs of domestic property. Offers guidance on obtaining builders or specialist contractors to carry out the work and gives an idea of payback periods and the savings in running costs. |
| 521 ## - TARGET AUDIENCE NOTE | |
| Target audience note | Introductory |
| 590 ## - LOCAL NOTE (RLIN) | |
| Local note | KA |
| 651 #4 - SUBJECT ADDED ENTRY--GEOGRAPHIC NAME | |
| Geographic name | United Kingdom |
| Chronological subdivision | |
| 690 ## - LOCAL SUBJECT ADDED ENTRY--TOPICAL TERM (OCLC, RLIN) | |
| Topical term or geographic name as entry element | ENVIRONMENTAL AND LAND CONSULTANCY-ENERGY-ENERGY USE-ENERGY EFFICIENCY |
| 942 ## - ADDED ENTRY ELEMENTS (KOHA) | |
| Suppress in OPAC | 0 |
| Withdrawn status | Lost status | Source of classification or shelving scheme | Damaged status | Not for loan | Home library | Current library | Shelving location | Date acquired | Total Checkouts | Full call number | Barcode | Date last seen | Copy number | Price effective from | Koha item type | Date last checked out |
|---|---|---|---|---|---|---|---|---|---|---|---|---|---|---|---|---|
| Dewey Decimal Classification | London | London | Reference copy | 29/07/2008 | 333.72 BUI | 30074902 | 06/08/2019 | 2 | 06/08/2019 | Reference material | ||||||
| Dewey Decimal Classification | London | London | Books | 29/07/2008 | 8 | 333.72 BUI | 30074903 | 06/08/2019 | 3 | 06/08/2019 | Book | 27/08/2009 | ||||
| Dewey Decimal Classification | London | London | Books | 29/07/2008 | 6 | 333.72 BUI | 30074904 | 06/08/2019 | 4 | 06/08/2019 | Book | 23/09/2009 | ||||
| Dewey Decimal Classification | London | London | RICS Boxes | 28/02/2012 | RICS 2008/77 | 30074901 | 06/08/2019 | 1 | 06/08/2019 | Archive |